书目信息 |
| 题名: |
改革与发展
|
|
| 作者: | 李卓 著 | |
| 分册: | ||
| 出版信息: | 沈阳 辽宁人民出版社 2018.02 |
|
| 页数: | 206页 | |
| 开本: | 24cm | |
| 丛书名: | ||
| 单 册: | ||
| 中图分类: | G612 | |
| 科图分类: | ||
| 主题词: | 学前教育--教学研究 | |
| 电子资源: | ||
| ISBN: | 978-7-205-09119-4 | |
| 000 | 00833nam0 2200241 450 | |
| 001 | 0103152658 | |
| 005 | 20201103152732.0 | |
| 010 | @a978-7-205-09119-4@dCNY45.00 | |
| 100 | @a20181129d2018 em y0chiy50 ea | |
| 101 | 0 | @achi |
| 102 | @aCN@b210000 | |
| 105 | @ay z 000yy | |
| 106 | @ar | |
| 200 | 1 | @a改革与发展@Agai ge yu fa zhan@e学前教育若干热点问题研究@f李卓著 |
| 210 | @a沈阳@c辽宁人民出版社@d2018.02 | |
| 215 | @a206页@d24cm | |
| 300 | @a辽宁省教育科学规划2017年度重大课题:面向2030年学前免费教育的必要性、可行性与实施策略研究阶段性成果 | |
| 330 | @a本书围绕学前教育的若干热点问题,结合其自身多年研究经验,对辽宁省学前教育进行了详细、科学地论述。 | |
| 606 | 0 | @a学前教育@x教学研究 |
| 690 | @aG612@v5 | |
| 701 | 0 | @a李卓@Ali zhuo@f(1981.4-)@4著 |
| 801 | 0 | @aCN@bBJSZM@c20201103 |
| 905 | @b1257441-5@dG612@e1092@f5 | |
| 改革与发展:学前教育若干热点问题研究/李卓著.-沈阳:辽宁人民出版社,2018.02 |
| 206页;24cm |
| 辽宁省教育科学规划2017年度重大课题:面向2030年学前免费教育的必要性、可行性与实施策略研究阶段性成果 |
| ISBN 978-7-205-09119-4:CNY45.00 |
| 本书围绕学前教育的若干热点问题,结合其自身多年研究经验,对辽宁省学前教育进行了详细、科学地论述。 |
| ● |
| 相关链接 |
|
|
|
|
正题名:改革与发展
索取号:G612/1092
 
预约/预借
| 序号 | 登录号 | 条形码 | 馆藏地/架位号 | 状态 | 备注 |
| 1 | 1257441 | 212574418 | 第一样本阅览室/ [索取号:G612/1092] | 在馆 | |
| 2 | 1257442 | 212574427 | 教育系资料室/ [索取号:G612/1092] | 在馆 | |
| 3 | 1257443 | 212574436 | 教育系资料室/ [索取号:G612/1092] | 在馆 | |
| 4 | 1257444 | 212574445 | 第四借阅区/ [索取号:G612/1092] | 在馆 | |
| 5 | 1257445 | 212574454 | 第四借阅区/ [索取号:G612/1092] | 在馆 |